2016 Olympics - Countries With 100 Athletes - Statistics

General Stats
  • This quiz has been taken 384 times
  • The average score is 26 of 33
Answer Stats
athletes medals country % Correct
558 121 United States
100%
406 42 France
97%
403 70 China
96%
340 41 Japan
96%
293 56 Russia
96%
471 19 Brazil
95%
431 42 Germany
95%
314 22 Canada
94%
424 29 Australia
93%
309 17 Spain
93%
312 28 Italy
91%
218 4 Argentina
87%
127 5 Mexico
87%
208 21 South Korea
87%
203 18 New Zealand
86%
158 11 Sweden
86%
121 2 India
82%
140 10 South Africa
81%
243 19 Netherlands
80%
246 11 Poland
80%
373 67 Great Britain
79%
206 11 Ukraine
74%
106 6 Belgium
72%
103 8 Turkey
71%
162 15 Hungary
68%
149 8 Colombia
66%
104 7 Switzerland
66%
125 15 Denmark
63%
124 3 Egypt
61%
105 10 Czechia
55%
105 8 Serbia
52%
124 11 Cuba
51%
124 9 Belarus
45%
No matching quizzes found
Score Distribution
Percent of People with Each Score
Percentile by Number Answered
Your Score History
You have not taken this quiz